Lexikálna abreviácia - príčiny a historický vývoj

Príčiny lexikálnej abreviácie. Jazyková ekonómia v systéme (kóde) a prejave (komunikáte). Z histórie abreviácie.

Salvato in:
Dettagli Bibliografici
Autore principale: Maierová, Eva, 1965-
Natura: Capitolo di libro
Lingua:slovacco
Soggetti:
Tags: Aggiungi Tag
Nessun Tag, puoi essere il primo ad aggiungerne!!

MARC

LEADER 00000nla a2200000 4500
001 0234590
005 20240502073813.6
041 0 |a slo 
044 |a SK 
245 1 0 |a Lexikálna abreviácia - príčiny a historický vývoj  |c Eva Maierová 
520 |a Príčiny lexikálnej abreviácie. Jazyková ekonómia v systéme (kóde) a prejave (komunikáte). Z histórie abreviácie. 
610 2 0 |a jazykoveda 
610 2 0 |a zásoba slovná 
610 2 0 |a lexikológia 
610 2 0 |a komunikácia 
610 2 0 |a komunikácia elektronická 
100 1 |a Maierová, Eva, 1965-